000
00353pab a2200157 454500
008
180718b1999 xxu||||| |||| 00| 0 eng d
100
_a
Gill, K.P.S.
245
_a
Human rights industry and terrorism
260
_c
1999
300
_a
p.8
362
_a
25 Dec
650
_a
Terrorism
650
_a
Human rights
773
_a
Pioneer
909
_a
44255
999
_c
44255
_d
44255